00683nam a22002177a 450000500170000001000190001702000260003602000270006203500140008903500140010303700090011708200110012610000260013724500660016325000060022926000540023527001250028930000230041430000250043770000030046220250708145535.0 aENG-145855-856 c450.00a9789395368490 c1295.00a9789395368506 aEN-129387 aEN-129388 bDBAD a370.15 aMuzaffar, Khan Zeenat aNew Paradigm In Educational Psychology/cKhan Zeenat Muzaffar a1 aNew DelhibNeelkamal Publications Pvt. Ltd.c2023 bNew Delhia4764/1, 23, Ansari Road, Daryaganj, New Delhie110002k011-23244237k+91 9811828953mneelkamalbooks@gmail.com a336 p.c24 cm (pb) a336 p.c24.5 cm (hb)